Acta Technologica Agriculturae The Scientific Journal for Agricultural Engineering: vedecký časopis poľnohospodárskej techniky

Gespeichert in:
Bibliographische Detailangaben
Format: Schriftenreihe
Sprache:Englisch
Veröffentlicht: Nitra Slovenská poľnohospodárska univerzita v Nitre 2022
Tags: Tag hinzufügen
Keine Tags, Fügen Sie das erste Tag hinzu!

MARC

LEADER 00000nas2a2200000 4500
001 0289026
005 20221125105145.5
022 |a 1335-2555 
041 0 |a eng 
044 |a SK 
245 1 0 |a Acta Technologica Agriculturae  |b The Scientific Journal for Agricultural Engineering: vedecký časopis poľnohospodárskej techniky 
264 1 |a Nitra  |b Slovenská poľnohospodárska univerzita v Nitre  |c 2022 
773 0 |w eu_un_cat*0237607